8 mots dans mots : man (mort subite) - Statistiques

Statistiques générales
  • Ce quiz a été pris 19 fois
  • Le résultat moyen est 6 sur 8
Answers on the Grid
Answers color-coded by a green-red scale on the quiz's grid according to % correct below.
Autodésai---tation
Con---tionnellement
Ant---pologiquement
Déshu---iser
Contre-bal---ement
Gentle--- - farmer
Doubles-com---des
Désin---tissement
Im---quablement
Désembourg---sement
Dé---tibuler
Antigo---rnementale
Contrôle-com---de
C---matographiquement
Dé---provisionnement
Contre-perfor---ce
 
Statistiques - réponses
Réponse % Correct
Contrôle-com---de
89%
Contre-perfor---ce
83%
Déshu---iser
83%
Gentle--- - farmer
83%
Im---quablement
83%
Doubles-com---des
78%
Dé---tibuler
72%
Autodésai---tation
44%
Aucun quiz correspondant
Distribution des résultats
% des personnes avec chaque résultat
Percentile par nombre de réponses
Votre historique - résultats
Vous n’avez pas pris ce quiz